<?xml version="1.0" encoding="UTF-8"?>
<record
    xmlns:xsi="http://www.w3.org/2001/XMLSchema-instance"
    xsi:schemaLocation="http://www.loc.gov/MARC21/slim http://www.loc.gov/standards/marcxml/schema/MARC21slim.xsd"
    xmlns="http://www.loc.gov/MARC21/slim">

  <leader>00416    a2200133   4500</leader>
  <controlfield tag="001">ART_39650</controlfield>
  <controlfield tag="005">20260410162000.0</controlfield>
  <controlfield tag="008">260409a                                 </controlfield>
  <datafield tag="245" ind1="1" ind2="0">
    <subfield code="a">Programa para el ejercicio profesional contable</subfield>
  </datafield>
  <datafield tag="100" ind1="1" ind2=" ">
    <subfield code="a">Fronti de Garc&#xED;a, Luisa</subfield>
  </datafield>
  <datafield tag="700" ind1="1" ind2=" ">
    <subfield code="a">Larocca, Norberto Genaro</subfield>
  </datafield>
  <datafield tag="700" ind1="1" ind2=" ">
    <subfield code="a">Su&#xE1;rez Kimura, Elsa Beatriz</subfield>
  </datafield>
  <datafield tag="773" ind1="0" ind2=" ">
    <subfield code="t">Propuestas</subfield>
    <subfield code="g">- A&#xF1;o 1, N&#xBA; 2 (dic. 1995)</subfield>
    <subfield code="w">REV28258</subfield>
  </datafield>
  <datafield tag="999" ind1=" " ind2=" ">
    <subfield code="c">31232</subfield>
    <subfield code="d">31232</subfield>
  </datafield>
</record>
